Countries With The Most Japanese Diaspora - Statistics

General Stats
  • This quiz has been taken 134 times
  • The average score is 13 of 15
Answer Stats
Number Of Japanese Diaspora Country % Correct
1,469,637 United States
98%
124,162 China
97%
63,011 United Kingdom
96%
58,169 South Korea
95%
63,727 France
94%
2,100,000 Brazil
90%
50,761 Australia
89%
70,000 Germany
89%
109,740 Canada
88%
35,000 Mexico
77%
65,000 Argentina
75%
103,949 Peru
73%
120,000 Philippines
70%
27,525 Singapore
68%
72,754 Thailand
68%
No matching quizzes found
Score Distribution
Percent of People with Each Score
Percentile by Number Answered
Your Score History
You have not taken this quiz